000 00378nam a2200121Ia 4500
008 220216s9999 xx 000 0 und d
100 _aGoritz D
245 0 _aStructure on carbon black and the mechanism of reinforcing
260 _bProceedings of the International Rubber Conference, Kobe, Japan, 1995; p455-459
650 _aCarbon black
700 _aMaier P G
942 _cJS
999 _c69490
_d69490